Word Addition Click Quiz #2 - Statistics

General Stats
  • This quiz has been taken 35,155 times
    35,136 since last reset
  • The average score is 12 of 20
Answer Stats
Hint Extra Hint Answer % Correct
IS + LAND
83%
BE + FORE
82%
BLUR + RED
74%
PROP + AGATE
70%
BRAN + DISH
66%
TECH + NO
66%
EXPO + SURE
65%
COMP + ASS
64%
GENE + TICS
64%
ITS + ELF
63%
RUM + MAGE
61%
COPY + RIGHT
61%
SUNS + POT
60%
PAL + LID
50%
TERRA + IN
46%
GROUNDS + WELL
46%
FAT + ALLY
45%
POLE + MIC
42%
REST + RAIN
41%
WANT + ONLY
36%
No matching quizzes found
Score Distribution
Percent of People with Each Score
Percentile by Number Answered
Your Score History
You have not taken this quiz since the last reset